00889nam a2200205 a 450000100100000000500170001000800410002702000150006804000250008310000270010824501540013526000400028930000250032959000270035470000330038170000400041495201060045495201060056099900170066600004817220240306073903.0181204s2002 dr 000 0 spa d a9993484180 aDO-SdBNPbspacBNPHU1 aFerrer, Vicente93046310aEducación artística 2 :beducación básica /cVicente Ferrer ; ilustración Ruddy Núñez; direcciómn editorial Obdulia García Escobar. aSanto Domingo :bSantillana,c2002. a87p. :bil. ;c28cm. aInventariado, 2019/MFF1 aNúñez, Ruddyeul.9231711 aGarcía Escobar, Obdulia de929220 00107-18PDaPDbPDcOId2018-12-04iLF1l0o p48172-10r2020-06-25w2020-06-25yLFPDZNo se presta 00107-18PDaPDbPDcOId2018-12-04iLF1l0o p48173-10r2020-06-25w2020-06-25yLFPDZNo se presta c47660d47660